| 000 | 01653nam0a2200337 i 4500 | ||
|---|---|---|---|
| 001 | RU\NLR\BIBL_A\011190225 | ||
| 005 | 20240921162538.0 | ||
| 010 |
_a9785439612451 _93000 |
||
| 021 |
_aRU _b2016-57228 _93634 |
||
| 035 | _a(NILC)RuMoRGB-008554083 | ||
| 035 | _a(NLR Aleph) 011190225 | ||
| 090 |
_a11864734 _c11864734 |
||
| 100 | _a20160809d2016 um y0rusy50 ca | ||
| 101 | 0 |
_arus _drus |
|
| 102 | _aRU | ||
| 105 | _ay|||j|||000yy | ||
| 200 | 1 |
_aПраво Европейского союза: порядок разрешения частноправовых споров _eучебное пособие _e[для студентов, аспирантов, преподавателей юридических вузов] _fЕ. П. Ермакова, Е. В. Ситкарева |
|
| 210 |
_aМосква _cЮрлитинформ _d2016 |
||
| 215 |
_a219, [1] с. _cтабл. _d22 |
||
| 225 | 1 | _aГражданский и арбитражный процесс | |
| 300 | _aНа обороте тит. л. авт.: доценты, кандидаты юрид. наук Е. П. Ермакова, Е. В. Ситкарева | ||
| 320 | _aБиблиогр.: с. 194-216 (230 назв.) и в тексте | ||
| 606 | 1 |
_aГражданский процесс _yСтраны Европейского Союза _92292369 _3RU\NLR\AUTH\6601600178 |
|
| 686 | 1 | _aХ892.9(4) | |
| 700 | 1 |
_aЕрмакова _bЕ. П. _gЕлена Петровна |
|
| 701 | 1 |
_aСиткарева _bЕ. В. _gЕлена Витальевна |
|
| 801 | 0 |
_aRU _bРГБ _c20160720 _gRCR |
|
| 942 | _cBOOK | ||
| 980 | _aNBR | ||